| 000 | 00789nam a2200253 a 4500 | ||
|---|---|---|---|
| 001 | 15611 | ||
| 003 | BD-RjUL | ||
| 005 | 20211208235844.0 | ||
| 008 | 161018s1970 ohua b 001 0 eng | ||
| 035 | _a(BD-RjUL)15666 | ||
| 040 |
_aDLC _cDLC _dBD-RjUL _beng |
||
| 041 | _aeng | ||
| 082 | 0 | 0 |
_a332.0973 _bDAP 1970 _223 |
| 100 | 1 |
_aDauten, Carl Anton, _d1913- _948462 |
|
| 245 | 1 | 0 |
_aPrinciples of finance : _bintroduction to capital markets / _cCarl A. Dauten and Merle T. Welshans. |
| 250 | _a3d ed. | ||
| 260 |
_aCincinnati : _bSouth-western Pub. Co., _c1970. |
||
| 300 |
_avii, 672 p. : _bill. ; _c24 cm. |
||
| 500 | _aIncludes index. | ||
| 650 | 0 |
_aFinance. _948463 |
|
| 650 | 0 |
_aFinance _zUnited States. _948464 |
|
| 700 | 1 |
_aWelshans, Merle T., _ejoint author. _948465 |
|
| 942 |
_2ddc _cBK |
||
| 999 |
_c15611 _d15611 |
||